Советский энциклопедический словарь (Запис номер 116549)
[ съкратено ]
| 000 -Лидер | |
|---|---|
| Контролно поле с фиксирана дължина | 01377nam a2200301 c 4500 |
| 003 - Код на организацията, давaща контролен номер | |
| Контролно поле | BLK |
| 005 - Дата и час на последна редакция | |
| Контролно поле | 20180422110408.0 |
| 008 - Елементи от данни с фиксирана дължина | |
| fixed length control field | 180409b bul|||||r ||||||| ||bul|| |
| 010 ## - Наследен системен номер | |
| LC control number | KNG00122105000 |
| 020 ## - Международен стандартен номер на книга ISBN | |
| Международен стандартен номер на книга ISBN | 5-85270- |
| -- | издат.: Сов. энцикл. |
| 040 ## - Източник на каталожния запис | |
| Идентификатор на билиотеката - собственик на записа | BLK |
| 041 ## - Код за език | |
| Код за езика на текст/звукозапис или на отделно заглавие | Руски |
| Код за езика КДБФ | Руски |
| 080 ## - УДК | |
| Текстов определител УДК | Общи енциклопедии. Енциклопедични речници. Научни справочници. Отраслови енциклопедии и справочници се класират в съответните отдели с определител за форма |
| УДК код - определител по УДК | 03 |
| УДК определител | |
| УДК - код + определител | 03 |
| 139 ## - Редно поле | |
| Редна дума | Советский энциклопедический словарь |
| Авторски знак | Со - С 49 |
| 245 10 - Сведения за заглавието | |
| Заглавие | Советский энциклопедический словарь |
| Редно поле (дума) | глав. ред. Александр Михайлович Прохоров. |
| 257 ## - Страна на издаване | |
| Страна на създаване/издаване | СССР |
| 260 ## - Област на издателските данни | |
| -- | Москва |
| Име на издателя, разпространителя и проч. | Сов. энцикл. |
| Година на издаване | 1980 |
| 300 ## - Физическа характеристика | |
| Страници | 1600 с. |
| Размери/Мащаб | 22 см |
| 380 ## - Жанр | |
| Жанр | Езикознание. Филология |
| 650 #4 - Допълнително описание по предмет – тема | |
| Основно описание – тема или топоним | Речници, енциклопедични |
| 9 (RLIN) | 274686 |
| 653 ## - Ключова дума – ненормативна | |
| Ключова дума | енциклопедични речници |
| 700 1# - Други автори (авторска отговорност) | |
| Лично име | Прохоров, Александр Михайлович |
| Автороска отговорност (Описва отношението между автора и произведението) | глав. ред. |
| 9 (RLIN) | 369693 |
| 852 ## - Местоположение | |
| Форматна сигнатура | Цб ІІ 5900 |
| 856 4# - Електронен адрес и достъп | |
| Електронен формат | pdf - файл |
| Път до файла /url/ | |
| 856 4# - Електронен адрес и достъп | |
| Електронен формат | pdf - файл |
| Път до файла /url/ | |
| 942 ## - АРТИКУЛИ | |
| Вид на библиотечния материал | Книги |
| Скрит в OPAC | Не |
| 944 ## - СЪЗДАВАНЕ И РЕДАКЦИЯ на ЗАПИСА | |
| Създаване/Редакция | Създаване |
| Дата на регистрацията/редакция | 17.03.2011 |
| Служител, извършил регистрацията/редакцията | Диана_Димитрова |
| 944 ## - СЪЗДАВАНЕ И РЕДАКЦИЯ на ЗАПИСА | |
| Създаване/Редакция | Редакция |
| Дата на регистрацията/редакция | 17.03.2011 |
| Служител, извършил регистрацията/редакцията | |
| 999 ## - СИСТЕМНИ КОНТРОЛНИ НОМЕРА | |
| Koha biblionumber | 116549 |
| Koha biblioitemnumber | 116549 |
| Код за отписване | Код за изгубен артикул | Източник на класификационната схема | Код за повреда | Коз за рестрикции | Код за отдаване | Артикулен № | Име на библиотеката - собственик | Име на библиотеката, в която се намира в момента | Статус (Текущо местоположение) | Дата на вписване в системата | Местоположение - отдел | Цена в лева | Инвентарен номер | Систематично азбучна сигнатура | Баркод | Номер на екземпляра | Цена в евро | Служебна бележка | Служебен тип на артикула |
|---|---|---|---|---|---|---|---|---|---|---|---|---|---|---|---|---|---|---|---|
| Изтеглен | Не е изгубен | Universal Decimal Classification | Не е повреден | без рестрикции | ползва се в читалня | 187796 | Регионална библиотека "Любен Каравелов" Русе | Регионална библиотека "Любен Каравелов" Русе | Заемна - справочен фонд | 1980-01-01 | Заемна - справочен фонд | 16.64 | 307055 | СП 03/С 49 | 307055 | 1 | 8.51 | Дост: Pk Вид: Ф N: стар фонд Дата: 01.01.1980 Дата инв: 15.02.2018 Бележки инв: СП2018 | Книги |
| Не е изгубен | Universal Decimal Classification | Не е повреден | без рестрикции | ползва се в читалня | 187797 | Регионална библиотека "Любен Каравелов" Русе | Регионална библиотека "Любен Каравелов" Русе | Хранилище | 1980-01-01 | Основен фонд - ползва се само за читалня | 16.64 | 307056 | Цб ІІ 5900 | 120000307056 | 2 | 8.51 | Дост: Pk Вид: Ф N: стар фонд Дата: 01.01.1980 | Книги | |
| Изтеглен | Не е изгубен | Universal Decimal Classification | Не е повреден | без рестрикции | ползва се в читалня | 187798 | Регионална библиотека "Любен Каравелов" Русе | Регионална библиотека "Любен Каравелов" Русе | Обработка | 1980-01-01 | Основен фонд - ползва се само за читалня | 0.00 | 307058 | Цб ІІ 5900 | 307058 | 3 | 0.00 | Дост: Pk Вид: Ф N: стар фонд Дата: 01.01.1980 | Книги |
| Изтеглен | Не е изгубен | Universal Decimal Classification | Не е повреден | без рестрикции | ползва се в читалня | 187799 | Регионална библиотека "Любен Каравелов" Русе | Регионална библиотека "Любен Каравелов" Русе | Изкуство - справочен фонд | 1980-01-01 | Изкуство - справочен фонд | 0.00 | 307059 | СИ 03/С 49 | 307059 | 4 | 0.00 | Дост: Pk Вид: Ф N: стар фонд Дата: 01.01.1980 Дата инв: 16.06.2017 Бележки инв: СИ2017 | Книги |